000 01656nam a2200265 a 4500
001 000030631
005 20260417182716.0
008 110525s2011 dr ac 001 p spa d
020 _a9789945004335
040 _aDO-SdBNP
_bspa
_cBNPHU
082 _aH861.4408
_bP153a
245 0 0 _aPalabra cargada de futuro :
_bantología poética /
_cedición, presentación y notas Rei Berroa.
260 _aSanto Domingo :
_bBúho,
_c2011.
300 _a304 p. :
_bil., retrs. ;
_c21 cm.
490 1 _aLibros de luna
_v6
500 _aIncluye parte de los poemas leídos en el XIX Maratón de Poesía del Teatro de la Luna en la Biblioteca del Congreso de Washington, DC y en la Casa de la Luna de Washington, DC del 22 al 24 de abril de 2011.
500 _aIncluye datos biográficos de los autores.
505 0 _tReconocimiento --
_tPresentación/
_rRei Berroa --
_tHistoria de mis libros/
_rGabriel Celaya --
_tEmilio Adolfo Westphlen: surrealismotodoterreno/
_rMarcelo Pellegrini --
_rRafael Bordado (La Habana Vieja, Cuba) --
_rKary Cerda (Villahermosa, Tabasco--
_rVanessa Droz (Vega Baja, Puerto Rico, 1952) /
_rGustavo Adolfo Garcés (Medellín, Colombia, 1957) /
_rOmar Lara (Nueva Imperial, Chile, 1941) /
_rMa. Ángeles Maeso (Soria, España, 1955) --
_rMédar Serrata (Santo Domingo, 1964) /
_rVerónica Zondek (Santiago de Chile, 1953) /
_rLuz María Esparza (México, Distrito Federal) /
590 _aInventariado, 2019 / DG
650 4 _aPoesía hispanoamericana
_xColecciones
_9317
650 0 _aLiteratura hispanoamericana
_9318
700 1 2 _aBerroa, Rei,
_d1949-
_eed.
_9160
830 0 _aLibros de luna
_v6
_957215
910 _aValidado. Control de calidad EMS
999 _c30123
_d30123